Consultation on mines and quarries (Record no. 73612)

MARC details
000 -LEADER
fixed length control field 01054cam a2200217 4500
001 - CONTROL NUMBER
control field WB3940-12
008 - FIXED-LENGTH DATA ELEMENTS--GENERAL INFORMATION
fixed length control field 031021n2003 000 0 eng u
035 ## - SYSTEM CONTROL NUMBER
System control number (Sirsi) u123955
245 ## - TITLE STATEMENT
Title Consultation on mines and quarries
260 ## - PUBLICATION, DISTRIBUTION, ETC.
Date of publication, distribution, etc. 2003
490 ## - SERIES STATEMENT
Series statement Scottish Executive News Release
Volume/sequential designation 21 October 2003, (2)
520 ## - SUMMARY, ETC.
Summary, etc. Scottish Executive is seeking views on how to improve arrangements for monitoring mineral extraction from Scotland's open cast mines and quarries. A consultation paper has been launched and this explores four options for a new fees regime for mine and quarry operators. These include a fee based on the size of the site being worked or a fee based on the expected or actual output of the site. For the Scottish Executive News Release: http://www.scotland.gov.uk/pages/news/2003/10/SEc331.aspx
590 ## - LOCAL NOTE (RLIN)
Local note WB
650 ## - SUBJECT ADDED ENTRY--TOPICAL TERM
Topical term or geographic name entry element OPEN CAST MINING
650 ## - SUBJECT ADDED ENTRY--TOPICAL TERM
Topical term or geographic name entry element QUARRIES
650 ## - SUBJECT ADDED ENTRY--TOPICAL TERM
Topical term or geographic name entry element LOCAL PLANNING AUTHORITIES
650 ## - SUBJECT ADDED ENTRY--TOPICAL TERM
Topical term or geographic name entry element MINE SURVEYING
650 ## - SUBJECT ADDED ENTRY--TOPICAL TERM
Topical term or geographic name entry element CONSULTATION PAPER
690 ## - LOCAL SUBJECT ADDED ENTRY--TOPICAL TERM (OCLC, RLIN)
Topical term or geographic name as entry element MINING AND MINERALS
942 ## - ADDED ENTRY ELEMENTS (KOHA)
Suppress in OPAC 0
Holdings
Withdrawn status Lost status Source of classification or shelving scheme Damaged status Not for loan Home library Current library Shelving location Date acquired Total Checkouts Full call number Barcode Date last seen Copy number Price effective from Koha item type
    Dewey Decimal Classification     London London News article 21/10/2003   WB3940-12 123955-1001 06/08/2019 1 06/08/2019 News article